000 00520nam a22001577a 4500
008 150408b xxu||||| |||| 00| 0 eng d
050 _aLB1739.U58H918
100 _aUNISA
_916957
245 _aHuman development and education
_btutorial letter GED101T/501/2008
_c/by UNISA
260 _aPretoria
_bUniversity of South Africa
_c2008
300 _av,149p. ;
_c30cm.
650 _aTeacher training
_xManual
_916972
650 _aHuman development
_916973
700 _aKruger, Nicky
_916974
942 _2lcc
_cMONOGRAPH
999 _c122592
_d122592